Carregant...
Introduction to Mordern Psychotherapy
| Autors principals: | , |
|---|---|
| Publicat: |
Bombay, himalaya
1988
|
| LEADER | 004070000a22001810004500 | ||
|---|---|---|---|
| 020 | |||
| 082 | |||
| 100 | |a Ghorpade, M B | ||
| 100 | |a Vipin Kumar | ||
| 245 | |a Introduction to Mordern Psychotherapy | ||
| 250 | |||
| 260 | |a Bombay, himalaya | ||
| 260 | |c 1988 | ||
| 490 | |||
| 490 | |||
| 650 | |||
| 999 | |c 90329 |d 90329 | ||
| 952 | |0 0 |1 0 |4 0 |7 0 |9 82662 |a SBES |b SBES |d 2016-08-12 |l 0 |p SBES00151 |r 2016-08-12 |w 2016-08-12 | ||